| 000 | 00709nam a2200205 i 4500 | ||
|---|---|---|---|
| 001 | 38177 | ||
| 003 | ES-MaACL | ||
| 005 | 20250907063040.0 | ||
| 007 | t| | ||
| 008 | 030224s1905 sp ||||1| spa d | ||
| 100 | 1 |
_aCabrerizo y García, Francisco, _d1868-1951 _933323 |
|
| 245 | 1 | 0 |
_aDerecho procesal militar _b: el defensor ante los tribunales de Guerra y Marina / _cpor Francisco Cabrerizo. |
| 260 |
_aMadrid : _b[s.n., _c1905] ( _fImp. Ministerio de Marina) |
||
| 300 |
_a282 p. ; _c23 cm. |
||
| 650 | 0 | 7 |
_aDerecho militar _2embne _9171542 |
| 650 | 4 |
_aTribunales militares. _9171543 |
|
| 710 | 1 |
_aEspaña. _bMinisterio de Marina. _93909 |
|
| 852 |
_aES-MaACL _jB-1004 |
||
| 999 |
_c38177 _d38177 |
||